| 000 | 00637nam a2200229 i 4500 | ||
|---|---|---|---|
| 001 | 17980 | ||
| 003 | ES-MaACL | ||
| 005 | 20231021062528.0 | ||
| 007 | t| | ||
| 008 | 010810s2001 sp ||||1| spa d | ||
| 020 | _a84-8310-158-0 | ||
| 080 | _a821.134.2(83)-31"19" | ||
| 100 | 1 |
_aEdwards, Jorge. _946673 |
|
| 245 | 1 | 3 |
_aEl peso de la noche / _cJorge Edwards. |
| 250 | _a1ª ed. | ||
| 260 |
_aBarcelona : _bTusquets, _c2001. |
||
| 300 |
_a215 p. ; _c21 cm. |
||
| 490 | 1 |
_aColección Andanzas ; _v430 |
|
| 830 | 0 | 0 |
_aColección Andanzas _v430 _9234359 |
| 852 |
_aES-MaACL _jL-24791 _bR.130148 |
||
| 999 |
_c17980 _d17980 |
||